000 00304nam a2200133 4500
008 190122s1992||||xo d
245 1 0 _aUcebnica pravidiel cestnej premávky
250 _a1. vydanie
260 _bARRTEPRESS
_c1992
020 _c0
041 1 _aslo
044 _axo
_cSK
958 _aAPR
999 _c22008
_d22008